|
|
|
|
| LEADER |
01055nam a2200301 a 4500 |
| 001 |
000641263 |
| 003 |
CZ BrMZK |
| 005 |
20090210151455.0 |
| 007 |
ta |
| 008 |
021210s2000 xr cze d |
| 020 |
|
|
|a 80-85832-27-5
|
| 040 |
|
|
|a BOA001
|b cze
|
| 072 |
|
7 |
|a 821-93
|x Literatura pro děti a mládež (beletrie)
|2 Konspekt
|9 26
|
| 072 |
|
7 |
|a 27-4
|x Praktická teologie. Morální teologie
|2 Konspekt
|9 5
|
| 080 |
|
|
|a 821-93
|2 MRF
|
| 080 |
|
|
|a 27-4
|2 MRF
|
| 080 |
|
|
|a (0:82-32)
|2 MRF
|
| 100 |
1 |
|
|a Hurta, Josef
|7 jn20001005594
|4 aut
|
| 245 |
1 |
0 |
|a Našim dětem :
|b vypráví strýček Kim.
|n I. /
|c [příběhy sesbíral a zpracoval Josef Hurta]
|
| 250 |
|
|
|a Vyd. 1.
|
| 260 |
|
|
|a Ostrava :
|b JUPOS,
|c 2000
|
| 300 |
|
|
|a 118 s. :
|b il. ;
|c 18 cm
|
| 650 |
0 |
7 |
|a křesťanský život
|7 ph122132
|2 czenas
|
| 655 |
|
7 |
|a příběhy
|7 fd133204
|2 czenas
|
| 655 |
|
7 |
|a publikace pro děti
|7 fd133156
|2 czenas
|
| 910 |
|
|
|a BOA001
|b 1-1110.879,1
|
| 990 |
|
|
|a BK
|
| 996 |
6 |
|
|b 2610177164
|c 1-1110.879,1
|l MZK
|r Sklad / do 1 hodiny
|n 0
|p p.v.
|w 000641263
|u 000010
|a 1
|e BOA001
|j MZK50
|s P
|